000 00762nam a22002292 4500
001 0000024165
005 20151021151151.0
008 130614s xx 000 0 eng d
020 _a0749465605 :
040 _aKABU
_cKABU
100 1 _aLewis, Harold.
_@0000184123
245 1 0 _aBids, tenders and proposals :
_bwinning business through best practice /
_cHarold Lewis.
250 _a4th ed.
260 _aLondon :
_bKoganPage,
_c2012.
300 _axiii, 242 p.
650 0 _aProposal writing in business.
_@0000180426
650 0 _aProposal writing in public contracting.
_@0000184124
650 0 _aLetting of contracts.
_@0000184125
852 1 _9p7995 KES
908 _a130614
950 _@1
999 _c1409
_d1409